Online
Catalog

Ranking escolar : (Record no. 43528)

MARC details
000 -CABECERA
campo de control de longitud fija 01137nas a2200325 i 4500
001 - NÚMERO DE CONTROL
campo de control 000044039
003 - IDENTIFICADOR DEL NÚMERO DE CONTROL
campo de control DO-SdBNP
005 - FECHA Y HORA DE LA ÚLTIMA TRANSACCIÓN
campo de control 20260428104555.0
007 - CAMPO FIJO DE DESCRIPCIÓN FÍSICA--INFORMACIÓN GENERAL
campo de control de longitud fija ta
008 - DATOS DE LONGITUD FIJA--INFORMACIÓN GENERAL
campo de control de longitud fija 140513c2012 dr ar1p|r || |0spa d
022 ## - NÚMERO INTERNACIONAL NORMALIZADO PARA PUBLICACIONES SERIADAS
Número Internacional Normalizado para Publicaciones Seriadas 2226-2474
040 ## - FUENTE DE LA CATALOGACIÓN
Centro catalogador/agencia de origen DO-SdBNP
Lengua de catalogación spa
Centro/agencia transcriptor BNPHU
Normas de descripción rda
041 ## - CÓDIGO DE LENGUA
Código de lengua original spa
043 ## - CÓDIGO DE ÁREA GEOGRÁFICA
Código de área geográfica nwdr
222 #0 - TÍTULO CLAVE
Título clave Ranking escolar
Información calificativa clasificación de centros educativos
245 00 - MENCIÓN DE TÍTULO
Título Ranking escolar :
Resto del título clasificación de centros educativos.
264 ## - PRODUCCIÓN, PUBLICACIÓN, DISTRIBUCIÓN, FABRICACIÓN Y COPYRIGHT
Producción, publicación, distribución, fabricación y copyright Santo Domingo, República Dominicana :
Nombre del de productor, editor, distribuidor, fabricante MINERD/INDOTEL.
-- Serigraf,
Fecha de producción, publicación, distribución, fabricación o copyright 2012.
300 ## - DESCRIPCIÓN FÍSICA
Extensión volumen :
Otras características físicas ilustraciones, ;
Dimensiones 28 cm.
310 ## - PERIODICIDAD ACTUAL
Periodicidad actual Anual.
336 ## - TIPO DE CONTENIDO
Término de tipo de contenido texto
Código de tipo de contenido txt
Fuente rdacontent
337 ## - TIPO DE MEDIO
Nombre/término del tipo de medio sin mediación
Código del tipo de medio n
Fuente rdamedia
338 ## - TIPO DE SOPORTE
Nombre/término del tipo de soporte volumen
Código del tipo de soporte nc
Fuente rdacarrier
362 1# - FECHAS DE PUBLICACIÓN Y/O DESIGNACIÓN SECUENCIAL
Fecha de publicación y/o designación secuencial 2012.
500 ## - NOTA GENERAL
Nota general Descripción basada en: Año 2012.
500 ## - NOTA GENERAL
Nota general Informe anual sobre centros educativos.
650 #4 - PUNTO DE ACCESO ADICIONAL DE MATERIA--TÉRMINO DE MATERIA
Término de materia o nombre geográfico como elemento de entrada Educación
Subdivisión general Estadísticas
Subdivisión geográfica República Dominicana
9 (RLIN) 72017
651 #4 - PUNTO DE ACCESO ADICIONAL DE MATERIA--NOMBRE GEOGRÁFICO
Nombre geográfico República Dominicana
Subdivisión general Instalaciones Educativas
Subdivisión de forma Publicaciones periódicas
9 (RLIN) 72018
710 1# - PUNTO DE ACCESO ADICIONAL--NOMBRE DE ENTIDAD CORPORATIVA
Nombre de entidad corporativa o nombre de jurisdicción como elemento de entrada República Dominicana
Unidad subordinada Ministerio de Educación
9 (RLIN) 72019
942 ## - ELEMENTOS DE PUNTO DE ACCESO ADICIONAL (KOHA)
Fuente del sistema de clasificación o colocación Dewey Decimal Classification
Tipo de ítem Koha Publicación periódica
Holdings
Estado de retiro Estado de pérdida Fuente del sistema de clasificación o colocación Estado dañado Restricciones de uso No para préstamo Código de colección Localización permanente Ubicación/localización actual Fecha de adquisición Enumeración/cronología de publicación seriada Número de inventario Total de préstamos Código de barras Fecha visto por última vez Número de copia Precio válido a partir de Tipo de ítem Koha Nota pública
    Dewey Decimal Classification   Préstamo en sala   Hemeroteca Biblioteca Nacional Pedro Henríquez Ureña Biblioteca Nacional Pedro Henríquez Ureña 23.04.2026 (2013)     2026-3071 23.04.2026 e.3 23.04.2026 Publicación periódica Disponible para consulta en: Hemeroteca.
    Dewey Decimal Classification   Préstamo en sala   Hemeroteca Patrimonio Dominicano Patrimonio Dominicano 15.05.2014 (2012) 201212012012120120140515   44039-2012-1 08.08.2020 e.1 08.08.2020 Publicación periódica Disponible para consulta en: Hemeroteca.
    Dewey Decimal Classification   Préstamo en sala   Hemeroteca Patrimonio Dominicano Patrimonio Dominicano 15.05.2014 (2012) 201212012012120120140515   44039-2012-2 08.08.2020 e.2 08.08.2020 Publicación periódica Disponible para consulta en: Hemeroteca.
    Dewey Decimal Classification   Préstamo en sala   Hemeroteca Patrimonio Dominicano Patrimonio Dominicano 15.05.2014 (2012) 201212012012120120140515   44039-2012-3 08.08.2020 e.3 08.08.2020 Publicación periódica Disponible para consulta en: Hemeroteca.
    Dewey Decimal Classification   Préstamo en sala   Hemeroteca Patrimonio Dominicano Patrimonio Dominicano 15.05.2014 (2013) 201312012013120120140515   44039-2013-1 08.08.2020 e.1 08.08.2020 Publicación periódica Disponible para consulta en: Hemeroteca.
    Dewey Decimal Classification   Préstamo en sala   Hemeroteca Patrimonio Dominicano Patrimonio Dominicano 15.05.2014 (2013) 201312012013120120140515   44039-2013-2 08.08.2020 e.2 08.08.2020 Publicación periódica Disponible para consulta en: Hemeroteca.
    Dewey Decimal Classification   Préstamo en sala   Hemeroteca Patrimonio Dominicano Patrimonio Dominicano 15.05.2014 (2013) 201312012013120120140515   44039-2013-3 08.08.2020 e.3 08.08.2020 Publicación periódica Disponible para consulta en: Hemeroteca.

Powered by Koha